América Latina: entre la globalización del sub desarrollo y la emergencia de nuevas alternativas. Los Urgentes desafíos del pensamiento crítico latinoamericano /

Guardat en:
Dades bibliogràfiques
Autor corporatiu: ALAS, Asociación Latinoamericana de Sociología
Format: Text
Publicat: Ciudad de Guatemala: ALAS
Matèries:
Etiquetes: Afegir etiqueta
Sense etiquetes, Sigues el primer a etiquetar aquest registre!

MARC

LEADER 00000 a a2200000 04500
001 29688
003
040
090 |a 185100  
110 |a ALAS  
245 |a América Latina: entre la globalización del sub desarrollo y la emergencia de nuevas alternativas. Los Urgentes desafíos del pensamiento crítico latinoamericano /  |c ALAS  
260 |a Ciudad de Guatemala:   |b ALAS  
300 |a 2 vols  
650 |a SOCIOLOGIA  
650 |a CONFERENCIAS  
650 |a GLOBALIZACION  
650 |a ESTADO  
650 |a ECONOMIA  
650 |a DESARROLLO ECONOMICO Y SOCIAL  
650 |a INTEGRACION REGIONAL  
650 |a REFORMA POLITICA  
650 |a REFORMA SOCIAL  
650 |a SISTEMAS POLITICOS  
650 |a GOBERNABILIDAD  
650 |a DEMOCRACIA  
650 |a DEMOCRATIZACION  
650 |a MOVIMIENTOS SOCIALES  
650 |a TECNOLOGIA  
650 |a DEMOGRAFIA  
710 |a Asociación Latinoamericana de Sociología  
999 |c 10827  |d 10827